[Event "FRA-ch U20 Girls"]
[Site "Montbeliard"]
[Date "2014.04.26"]
[Round "8"]
[White "Griggio, Julie"]
[Black "Sonet, Laury"]
[Result "1-0"]
[WhiteElo "1847"]
[BlackElo "1280"]
[PlyCount "103"]
[EventDate "2014.04.20"]
[EventType "swiss"]
[EventRounds "9"]
[EventCountry "FRA"]
[SourceTitle "CBM 160 Extra"]
[Source "ChessBase"]
[SourceDate "2014.07.01"]
[SourceVersion "1"]
[SourceVersionDate "2014.07.01"]
[SourceQuality "1"]

1. e4 e5 2. Nf3 Nc6 3. Nc3 Nf6 4. d4 d6 5. dxe5 dxe5 6. Qxd8+ Kxd8 7. Bg5 h6 8. 0-0-0+ Bd7 9. Bxf6+ gxf6 10. Bc4 Rh7 11. Nd5 Be7 12. Bb5 a6 13. Bxc6 bxc6 14. Nxe7 Kxe7 15. Rd3 Rg7 16. g3 Bg4 17. Nh4 Be6 18. Rc3 Bd7 19. Rd1 Rd8 20. Rcd3 Rgg8 21. Nf5+ Bxf5 22. Rxd8 Rxd8 23. Rxd8 Kxd8 24. exf5 Kd7 25. Kd2 Kd6 26. Kd3 Kd5 27. f3 a5 28. a3 c5 29. c4+ Kc6 30. Ke4 Kd6 31. g4 c6 32. h3 Ke7 33. Ke3 Kd6 34. Kf2 Ke7 35. Kg3 Kf8 36. Kh4 Kg7 37. Kh5 Kh7 38. h4 Kg7 39. b3 Kh7 40. g5 hxg5 41. hxg5 fxg5 42. Kxg5 Kg7 43. f6+ Kf8 44. Kf5 Ke8 45. Kxe5 Kd7 46. Kf5 Kd6 47. Kg5 Ke5 48. f4+ Kd6 49. Kh6 Kd7 50. Kg7 Ke8 51. Kg8 Kd7 52. Kxf7 1-0